000 00584nam a22002057a 4500
999 _c2693
_d2693
003 OSt
005 20231212101902.0
008 230810b ||||| |||| 00| 0 eng d
020 _a9781108339186
040 _cKH8
082 _a910 CAM
100 _aCambers, Gary,
_eauthor.
245 _aCambridge IGCSEâ„¢ and O Level Geography Coursebook /
_cGary Cambers.
250 _a2nd edition
260 _aLondon:
_bCambridge University Press,
_c2018.
300 _a304 pages;
_c8.49 x 0.64 x 10.87 inches.
650 _aGeography
700 _aSibley, Steve,
_eauthor.
942 _2ddc
_cTR